| 000 | 00486nam a2200169Ia 4500 | ||
|---|---|---|---|
| 003 | SGT | ||
| 020 | _a9788131762165 | ||
| 082 |
_a5.1 _bSOM |
||
| 100 | _aSommerville,Ian | ||
| 245 | _aSoftware engineeing | ||
| 250 | _a9th . Ed. | ||
| 260 |
_bPearson _aN.Delhi _c2013 |
||
| 300 | _a773p. | ||
| 650 | _aCOMPUTER SCIENCE | ||
| 653 | _aINTEGRATION WITH THE WEB,READERSHIP,INTRODUCTION TO SOFTWARE ENGINEERING,DEPENDABILITY AND SECURITY,ADVANCED SOFTWARE ENGINEERING | ||
| 942 |
_2ddc _cBK _02 |
||
| 999 |
_c5688 _d5688 |
||